<?xml version="1.0" encoding="UTF-8"?>
<record
    xmlns:xsi="http://www.w3.org/2001/XMLSchema-instance"
    xsi:schemaLocation="http://www.loc.gov/MARC21/slim http://www.loc.gov/standards/marcxml/schema/MARC21slim.xsd"
    xmlns="http://www.loc.gov/MARC21/slim">

  <leader>01349cam a2200373Mi 4500</leader>
  <datafield tag="999" ind1=" " ind2=" ">
    <subfield code="c">37222</subfield>
    <subfield code="d">37222</subfield>
  </datafield>
  <controlfield tag="001">ocn940972552</controlfield>
  <controlfield tag="003">OCoLC</controlfield>
  <controlfield tag="005">20220304175114.0</controlfield>
  <controlfield tag="008">900601s1971    nyua     bm   001 0 eng d</controlfield>
  <datafield tag="020" ind1=" " ind2=" ">
    <subfield code="a">0231033532</subfield>
  </datafield>
  <datafield tag="020" ind1=" " ind2=" ">
    <subfield code="a">9780231033534</subfield>
  </datafield>
  <datafield tag="035" ind1=" " ind2=" ">
    <subfield code="a">(OCoLC)940972552</subfield>
    <subfield code="z">(OCoLC)1167028891</subfield>
  </datafield>
  <datafield tag="040" ind1=" " ind2=" ">
    <subfield code="a">LUN</subfield>
    <subfield code="b">eng</subfield>
    <subfield code="c">LUN</subfield>
    <subfield code="d">OCLCO</subfield>
    <subfield code="d">OCLCQ</subfield>
    <subfield code="d">LSD</subfield>
    <subfield code="d">OCLCF</subfield>
    <subfield code="d">BUB</subfield>
    <subfield code="d">OCLCQ</subfield>
    <subfield code="d">OCLCO</subfield>
    <subfield code="d">OCL</subfield>
  </datafield>
  <datafield tag="043" ind1=" " ind2=" ">
    <subfield code="a">f-ug---</subfield>
  </datafield>
  <datafield tag="050" ind1=" " ind2="4">
    <subfield code="a">HN800.U4.G68</subfield>
    <subfield code="b">V74</subfield>
  </datafield>
  <datafield tag="082" ind1="0" ind2="4">
    <subfield code="a">309.1</subfield>
    <subfield code="b">676</subfield>
  </datafield>
  <datafield tag="100" ind1="1" ind2=" ">
    <subfield code="a">Vincent, Joan.</subfield>
    <subfield code="9">91463</subfield>
  </datafield>
  <datafield tag="245" ind1="1" ind2="0">
    <subfield code="a">African elite :</subfield>
    <subfield code="b">the big men of a small town /</subfield>
    <subfield code="c">Joan Vincent.</subfield>
  </datafield>
  <datafield tag="260" ind1=" " ind2=" ">
    <subfield code="a">New York ;</subfield>
    <subfield code="a">London :</subfield>
    <subfield code="b">Columbia University Press,</subfield>
    <subfield code="c">1971.</subfield>
  </datafield>
  <datafield tag="300" ind1=" " ind2=" ">
    <subfield code="a">[ix], 309 pages :</subfield>
    <subfield code="b">illustrations ;</subfield>
    <subfield code="c">22 cm</subfield>
  </datafield>
  <datafield tag="502" ind1=" " ind2=" ">
    <subfield code="a">A Revision of the author's thesis, Columbia University, 1968.</subfield>
  </datafield>
  <datafield tag="504" ind1=" " ind2=" ">
    <subfield code="a">Includes bibliographical references.</subfield>
  </datafield>
  <datafield tag="650" ind1=" " ind2="0">
    <subfield code="a">Elite (Social sciences)</subfield>
    <subfield code="z">Uganda</subfield>
    <subfield code="z">Gondo.</subfield>
    <subfield code="9">91464</subfield>
  </datafield>
  <datafield tag="650" ind1=" " ind2="0">
    <subfield code="a">Social classes</subfield>
    <subfield code="z">Uganda</subfield>
    <subfield code="z">Gondo.</subfield>
    <subfield code="9">91465</subfield>
  </datafield>
  <datafield tag="650" ind1=" " ind2="7">
    <subfield code="a">Elite (Social sciences)</subfield>
    <subfield code="2">fast</subfield>
    <subfield code="9">5679</subfield>
  </datafield>
  <datafield tag="650" ind1=" " ind2="7">
    <subfield code="a">Social classes.</subfield>
    <subfield code="2">fast</subfield>
    <subfield code="9">91466</subfield>
  </datafield>
  <datafield tag="650" ind1=" " ind2="7">
    <subfield code="a">Social conditions.</subfield>
    <subfield code="2">fast</subfield>
    <subfield code="9">91467</subfield>
  </datafield>
  <datafield tag="651" ind1=" " ind2="0">
    <subfield code="a">Gondo (Uganda)</subfield>
    <subfield code="x">Social conditions</subfield>
    <subfield code="9">91468</subfield>
  </datafield>
  <datafield tag="655" ind1=" " ind2="7">
    <subfield code="a">Academic theses.</subfield>
    <subfield code="2">fast</subfield>
    <subfield code="9">65906</subfield>
  </datafield>
  <datafield tag="655" ind1=" " ind2="7">
    <subfield code="a">Academic theses.</subfield>
    <subfield code="2">lcgft</subfield>
    <subfield code="9">65906</subfield>
  </datafield>
  <datafield tag="856" ind1=" " ind2=" ">
    <subfield code="y">Download Ebook</subfield>
  </datafield>
  <datafield tag="942" ind1=" " ind2=" ">
    <subfield code="c">BK</subfield>
  </datafield>
  <datafield tag="948" ind1=" " ind2=" ">
    <subfield code="h">NO HOLDINGS IN GHUCC - 3 OTHER HOLDINGS</subfield>
  </datafield>
</record>
